PRESUPUESTO BASE CERO : (Registro nro. 10854)
[ vista simple ]
| 000 -LEADER | |
|---|---|
| fixed length control field | 00422nam a2200157 a 4500 |
| 001 - CONTROL NUMBER | |
| control field | 10854 |
| 005 - DATE AND TIME OF LATEST TRANSACTION | |
| control field | 20180713194951.0 |
| 008 - FIXED-LENGTH DATA ELEMENTS--GENERAL INFORMATION | |
| fixed length control field | 140415s1983 000 0 spa d |
| 041 ## - LANGUAGE CODE | |
| Language code of text/sound track or separate title | spa |
| 082 ## - DEWEY DECIMAL CLASSIFICATION NUMBER | |
| Classification number | 658.154 |
| Item number | PYH |
| 100 1# - MAIN ENTRY--PERSONAL NAME | |
| Personal name | PYHRR, PETER A. |
| 245 10 - TITLE STATEMENT | |
| Title | PRESUPUESTO BASE CERO : |
| Remainder of title | METODO PRACTICO PARA EVALUAR GASTOS |
| 260 ## - PUBLICATION, DISTRIBUTION, ETC. | |
| Place of publication, distribution, etc. | [s.l.] : |
| Name of publisher, distributor, etc. | LIMUSA, |
| Date of publication, distribution, etc. | 1983 |
| 300 ## - PHYSICAL DESCRIPTION | |
| Extent | 277 |
| 650 14 - SUBJECT ADDED ENTRY--TOPICAL TERM | |
| Topical term or geographic name entry element | PRESUPUESTO |
| Withdrawn status | Lost status | Source of classification or shelving scheme | Damaged status | Not for loan | Collection code | Home library | Current library | Shelving location | Date acquired | Source of acquisition | Inventory number | Total Checkouts | Full call number | Barcode | Date last seen | Date last checked out | Price effective from | Koha item type |
|---|---|---|---|---|---|---|---|---|---|---|---|---|---|---|---|---|---|---|
| Dewey Decimal Classification | General | Biblioteca Karol Wojtyla | Biblioteca Karol Wojtyla | Sala general | 03/12/2013 | Compra | 151000000000000000022208 | 658.154 PYH | 2608 | 05/01/2026 | 05/02/2015 | 03/12/2013 | Libro |